00321 a2200133 450000100060000002000180000604000240002410000190004824000370006724500320010430000060013636200090014265000360015146441 a9781571683472 cAnchieta - Aquarius aJackson, Sarah10aA Child´s History of Texaslpor10aA Child´s History of Texas a 0 a1999 4aLiteratura infantil em inglês